Results of magnetic observations made at magallenes (Chile) Jan-Aug 1933 (Record no. 62)

MARC details
000 -LEADER
fixed length control field 00481nam a2200169Ia 4500
003 - CONTROL NUMBER IDENTIFIER
control field IN-BaIIA
008 - FIXED-LENGTH DATA ELEMENTS--GENERAL INFORMATION
fixed length control field 211028s9999 xx 000 0 eng d
040 ## - CATALOGING SOURCE
Transcribing agency IIA Library
080 ## - UNIVERSAL DECIMAL CLASSIFICATION NUMBER
Universal Decimal Classification number 550.38
Item number OLS
100 ## - MAIN ENTRY--PERSONAL NAME
Personal name Olsen, J.
9 (RLIN) 49
245 #0 - TITLE STATEMENT
Title Results of magnetic observations made at magallenes (Chile) Jan-Aug 1933
Statement of responsibility, etc. Olsen J.
260 ## - PUBLICATION, DISTRIBUTION, ETC.
Place of publication, distribution, etc. Copenhagen
Name of publisher, distributor, etc. Tricot Harsholm Bogtrykkeri
Date of publication, distribution, etc. 1951
300 ## - PHYSICAL DESCRIPTION
Extent 16p.
650 ## - SUBJECT ADDED ENTRY--TOPICAL TERM
Topical term or geographic name entry element Geomagnetic Field
9 (RLIN) 50
650 ## - SUBJECT ADDED ENTRY--TOPICAL TERM
Topical term or geographic name entry element Geomagnetism
9 (RLIN) 51
942 ## - ADDED ENTRY ELEMENTS (KOHA)
Koha item type Books
Holdings
Withdrawn status Lost status Damaged status Not for loan Home library Current library Shelving location Date acquired Total Checkouts Full call number Barcode Date last seen Price effective from Koha item type
        IIA Library-Bangalore IIA Library-Kodaikanal General Stacks     550.38/ OLS 14 05/11/2021   Books

Powered by Koha